000
00312nam a2200133Ia 4500
005
20251222143114.0
008
251222s9999||||xx |||||||||||||| ||spa||
020
_a
84-7639-067-X
082
_a
818.5/O74
100
_a
Ortiz, Simon J.
245
0
_a
El Poder de la Tierra:
264
_b
Montesinos
942
_c
LIB
999
_c
11260
_d
11260